| 000 | 00872cab a2200289 4500 | ||
|---|---|---|---|
| 001 | ABS48735 | ||
| 008 | 090401t1993 xxu||||| |||| 00| 0 eng d | ||
| 035 | _a(Sirsi) u68341 | ||
| 041 | _aeng | ||
| 100 | _aClark, G.M. | ||
| 245 | _aFarm woodlands in the Central Belt of Scotland : A socio-economic critique | ||
| 260 | _c1993 | ||
| 350 | _a0 | ||
| 490 |
_aScottish Forestry _v47(2) April 1993, 15-24(10) |
||
| 520 | _aAssesses the role of farm forestry in the area, the costs and farmers` attitudes. One hundred farms were surveyed for the article. | ||
| 650 | _aCOMMUNITY FORESTS | ||
| 650 | _aFARM FORESTRY | ||
| 650 | _aFARM WOODLAND | ||
| 650 | _aFORESTRY | ||
| 650 | _aRURAL LAND MANAGEMENT | ||
| 650 | _aSCOTLAND | ||
| 650 | _aWOODLAND MANAGEMENT | ||
| 690 | _aRURAL PRACTICE | ||
| 700 | _aJohnson, J.A. | ||
| 942 | _n0 | ||
| 948 | _c04/03/1997 | ||
| 999 |
_c42882 _d42882 |
||